[Event "Teeside"]
[Site "Teeside"]
[Date "1972.??.??"]
[Round "9"]
[White "Wade, Robert Graham"]
[Black "Portisch, Lajos"]
[Result "1-0"]
[WhiteElo "2365"]
[BlackElo "2630"]

1.e4 c5 2.Nf3 e6 3.d4 cxd4 4.Nxd4 a6 5.Bd3 Nf6 6.O-O Qc7 7.Nd2 d6 8.Qe2 Nbd7
9.a4 b6 10.f4 e5 11.fxe5 dxe5 12.Nf5 g6 13.Ne3 Bg7 14.b3 Bb7 15.Ba3 Nc5 16.Bc4 O-O
17.Ng4 Nfxe4 18.Nxe4 Nxe4 19.Bxf8 Rxf8 20.Qe3 Kh8 21.Rad1 f5 22.Bd5 Nc3 23.Bxb7 Nxd1
24.Rxd1 Qxb7 25.Nxe5 Qe4 26.Qxe4 fxe4 27.Rd8 Rxd8 28.Nf7+ Kg8 29.Nxd8 Bf6
30.Ne6 Kf7 31.Nc7 a5 32.Kf2 Be5 33.Nb5 Ke6 34.Ke3 Kd5 35.h3 Bb2 36.Kd2 Bf6
37.c3 Be7 38.Nd4 Bc5 39.Ne2 Ke5 40.Kc2 h5 41.Kd2 h4 42.Kc2 Be7 43.Kd2 Bg5+
44.Kc2 Bh6 45.Kd1 e3 46.Kc2 Ke4 47.b4 Bf8 48.b5 Bh6 49.Nd4 Bg7 50.Ne2 Bf6
51.Ng1 g5 52.Ne2 Be5 53.c4 Bf6 54.c5 bxc5 55.b6 Be5 56.b7 c4 57.Ng1 Bf4 58.Ne2 Bb8
59.Ng1 Kd5 60.Nf3 Kc6 61.Kc3 Kc5 62.Nxg5 Be5+ 63.Kc2 Kb4 64.Nf3 Bf4 65.Nxh4 Kxa4
66.g4 Kb4 67.Ng2 Be5 68.g5 a4 69.g6 a3 70.g7 a2 71.g8=Q a1=Q 72.b8=Q+ Bxb8
73.Qxb8+ Kc5 74.Qc7+ Kb5 75.Qb7+ Kc5 76.Qe7+ Kb5 77.Nxe3 Qa2+ 78.Kd1 Qb1+
79.Ke2 Qd3+ 80.Kf3 c3 81.Qe5+ Kb6 82.Qd5 Qh7 83.Qb3+ Ka7 84.Qa4+ Kb8 85.h4 Qh8
86.Ke2 Qh7 87.Nc2 Qf5 88.Ne3 Qh7 89.Qb5+ Ka8 90.h5 Ka7 91.Qf5  1-0

[Event "CAN-ch"]
[Site "Toronto"]
[Date "1972.??.??"]
[Round "17"]
[White "Amos, Bruce M"]
[Black "Vranesic, Zvonko"]
[Result "1/2-1/2"]
[WhiteElo "2415"]
[BlackElo "2425"]

1.e4 c5 2.Nf3 e6 3.d4 cxd4 4.Nxd4 a6 5.Bd3 Nc6 6.Be3 Nf6 7.O-O Qc7 8.Nd2 Be7
9.c4 Ne5 10.Be2 d5 11.cxd5 exd5 12.Rc1 Qb8 13.Nf5 Bxf5 14.exf5 O-O 15.Nb3 Rc8
16.Qd4 Nc6 17.Qf4 Bd6 18.Qh4 Re8 19.Rfe1 Re4 20.Qh3 d4 21.Bg5 Bxh2+ 22.Qxh2 Qxh2+
23.Kxh2 Rae8 24.Nc5 Rxe2 25.Rxe2 Rxe2 26.Nxb7 Ne7 27.Bxf6 gxf6 28.Nd6 Rxb2
29.Rc7 Kf8 30.g4 Rxf2+ 31.Kg3 Rxa2 32.g5 Ra3+ 33.Kg4 Rc3 34.Rd7 Nc6 35.Rxf7+ Kg8
36.Rxf6 Nd8 37.Kf4 Rc6 38.Ne4 a5 39.Rxc6 Nxc6 40.Nc5 d3 41.Nxd3 a4 42.Nc1 Kg7
43.Na2 a3 44.Ke4 Nd8 45.Kf4 Nb7 46.Kg4 Nc5 47.Kh5 Ne4 48.Kg4  1/2-1/2

[Event "Hoogovens-B"]
[Site "Wijk aan Zee"]
[Date "1972.??.??"]
[Round "?"]
[White "Gereben, Erno"]
[Black "Van Scheltinga, Theo D"]
[Result "1-0"]
[WhiteElo "2335"]
[BlackElo "2360"]

1.e4 c5 2.Nf3 e6 3.d4 cxd4 4.Nxd4 a6 5.Bd3 Nc6 6.Nxc6 bxc6 7.O-O d5 8.c4 dxe4
9.Bxe4 Qxd1 10.Rxd1 Bd7 11.Nc3 Bc5 12.Na4 Ba7 13.Bf4 Nf6 14.Bf3 O-O-O 15.b4 Be8
16.Rxd8+ Kxd8 17.Nc5 a5 18.Nb7+ Kc8 19.Nd6+ Kd7 20.Rd1 e5 21.Nxe8+ Kxe8 22.Bxe5 axb4
23.Bxc6+ Ke7 24.Bd6+ Ke6 25.c5 Rd8 26.Ba4 Ne4 27.Bb3+ Kf6 28.Be5+ Ke7 29.Rxd8 Kxd8
30.c6 Bxf2+ 31.Kf1 Bb6 32.Bxf7 Bc7 33.Bxg7 Bxh2 34.Bg8 h5 35.Ke2 Kc7 36.Kd3 Nd6
37.Bd5 Nf5 38.Bf6 Bd6 39.Bf3 h4 40.Kc4 Ne7 41.Bxh4 Nxc6 42.Bxc6 Kxc6 43.Be1 Kb6
44.g4 Bf4 45.Bxb4 Bg5 46.Kd5 Kb5 47.Bf8 Kb6 48.Ke6 Kc6 49.Kf5 Bd2 50.Be7 Kd5
51.Bg5 Ba5 52.Bf4 Bd8 53.Be5  1-0

[Event "BCF-ch"]
[Site "Eastbourne"]
[Date "1973.??.??"]
[Round "2"]
[White "Williams, Arthur H"]
[Black "Penrose, Jonathan"]
[Result "1/2-1/2"]
[WhiteElo "2395"]
[BlackElo "2450"]

1.Nf3 c5 2.e4 e6 3.d4 cxd4 4.Nxd4 a6 5.Bd3 Bc5 6.Nb3 Ba7 7.O-O Nc6 8.Qe2 d6
9.Be3 Bxe3 10.Qxe3 Nf6 11.c4 O-O 12.Nc3 Bd7 13.Rfd1 Qc7 14.Be2 Rfd8 15.f4 Be8
16.Rac1 Nd7 17.Rc2 Nc5 18.Bf3 Nxb3 19.axb3 Qa5 20.Rcd2 Qb4 21.Ne2 Rac8 22.Nd4  1/2-1/2

[Event "USA-ch"]
[Site "El Paso"]
[Date "1973.??.??"]
[Round "10"]
[White "Mednis, Edmar John"]
[Black "Gilden, Lawrence C"]
[Result "0-1"]
[WhiteElo "2430"]
[BlackElo "2200"]

1.e4 c5 2.Nf3 e6 3.d4 cxd4 4.Nxd4 a6 5.Bd3 Ne7 6.O-O Nec6 7.Nb3 Be7 8.Nc3 O-O
9.f4 d6 10.Bd2 b5 11.Qh5 Nd7 12.Rae1 b4 13.Nd5 exd5 14.exd5 g6 15.Qe2 Nce5
16.fxe5 Nxe5 17.Nd4 Bh4 18.g3 Bf6 19.Qe4 Bg7 20.c3 Bh3 21.Rf2 Qb6 22.Bf1 Bd7
23.h3 Rae8 24.Qg2 a5 25.Kh2 a4 26.Be3 Qa5 27.Rc1 Nd3 28.Bxd3 Rxe3 29.Rf3 Rxf3
30.Nxf3 Qxd5 31.Nd4 Qxa2 32.Qb7 Bxd4 33.Qxd7 Be5 34.Rc2 Qd5 35.Qb5 Qf3 36.Rg2 bxc3
37.bxc3 a3 38.Bc4 Qxc3 39.Ba2 h5 40.h4 Qd4 41.Kh1 Qd1+ 42.Kh2 Kg7 43.Re2 Qd4
44.Kg2 Qc3 45.Qb3 Qxb3 46.Bxb3 Rc8 47.Rf2 f6 48.Rf3 Rb8 49.Be6 Ra8 50.Ba2 Kf8
51.Kh3 Kg7 52.Rb3 Ra7 53.g4 hxg4+ 54.Kxg4 f5+ 55.Kh3 Kh6 56.Rd3 Rc7 57.Rxa3 Rc2  0-1

[Event "Netanya-B"]
[Site "Netanya"]
[Date "1973.??.??"]
[Round "8"]
[White "Birnboim, Nathan"]
[Black "Radashkovich, Itchak"]
[Result "0-1"]
[WhiteElo "2200"]
[BlackElo "2425"]

1.e4 c5 2.Nf3 e6 3.d4 cxd4 4.Nxd4 a6 5.Bd3 Nc6 6.Be3 Nf6 7.O-O Qc7 8.Nb3 d5
9.exd5 Nxd5 10.c4 Nxe3 11.fxe3 Ne5 12.Nc3 Be7 13.Rc1 O-O 14.Nd4 b6 15.b3 Nxd3
16.Qxd3 Bb7 17.Qe2 Rad8 18.Qh5 g6 19.Qh3 Qe5 20.Nce2 Rd7 21.Rf2 Bc5 22.Rcf1 f5
23.a3 a5  0-1

[Event "Netanya-B"]
[Site "Netanya"]
[Date "1973.??.??"]
[Round "10"]
[White "Lederman, Leon"]
[Black "Glusman, K."]
[Result "1-0"]
[WhiteElo "2200"]
[BlackElo "2200"]

1.e4 c5 2.Nf3 e6 3.d4 cxd4 4.Nxd4 a6 5.Bd3 Nf6 6.O-O Qc7 7.Qe2 d6 8.c4 Be7
9.Nc3 Nc6 10.Be3 Ne5 11.h3 Bd7 12.Rac1 Rc8 13.b3 Nxd3 14.Qxd3 O-O 15.f4 Qb8
16.a4 Rfd8 17.f5 e5 18.Nc2 b5 19.cxb5 axb5 20.axb5 Rxc3 21.Qxc3 Nxe4 22.Qb4 Ng3
23.f6 gxf6 24.b6 Nxf1 25.Rxf1 Qb7 26.Ra1 Qc6 27.Na3 Kh8 28.Rc1 Qd5 29.b7 Rb8
30.Rc7 Bxh3 31.gxh3 Rg8+ 32.Qg4 Rxg4+ 33.hxg4 Qxb3 34.Ba7 Bd8 35.b8=Q Qxb8
36.Bxb8 Bxc7 37.Bxc7 d5 38.Kg2 Kg7 39.Nc2 Kg6 40.Kf3 h5 41.gxh5+ Kxh5 42.Ne3 d4
43.Nd5 Kg6 44.Ke4 Kg7 45.Bd8 f5+ 46.Kxe5 d3 47.Bf6+ Kf8 48.Bg5 Ke8 49.Kd4 Kd7
50.Kxd3 Ke6 51.Kd4 Kd6 52.Nf4 Kc6 53.Ke5  1-0

[Event "DEN-ch"]
[Site "Copenhagen"]
[Date "1974.??.??"]
[Round "8"]
[White "Iskov, Gert"]
[Black "Hansen, Ja"]
[Result "1-0"]
[WhiteElo "2420"]
[BlackElo "2200"]

1.e4 c5 2.Nf3 e6 3.d4 cxd4 4.Nxd4 a6 5.Bd3 Nf6 6.O-O Qc7 7.c4 b6 8.Nc3 Bb7
9.Be3 Bb4 10.Nb3 Bxc3 11.bxc3 d6 12.f3 Nbd7 13.a4 O-O 14.a5 bxa5 15.Nxa5 Rfb8
16.Qd2 Nc5 17.Rfd1 Ne8 18.Bc2 h6 19.e5 d5 20.cxd5 exd5 21.Nxb7 Rxb7 22.Qxd5 Ne6
23.Qe4 Rab8 24.Rxa6 Qxc3 25.Rc6 Qa5 26.f4 Rd8 27.Rf1 Rb4 28.Rc4 Rxc4 29.Qxc4 Qa3
30.Qe4 Nc5 31.Qf3 Nc7 32.f5 Qc3 33.Qf2 Nd3 34.Bxd3 Rxd3 35.Rc1 Qxc1+ 36.Bxc1 Rd1+
37.Qf1 Rxf1+ 38.Kxf1 Kf8 39.Ba3+ Ke8 40.Ke2 Kd7 41.Bf8 Ne8 42.Kd3 h5 43.Ke4 g6  1-0

[Event "HUN-ch"]
[Site "?"]
[Date "1974.??.??"]
[Round "?"]
[White "Horvath, Tamas"]
[Black "Honfi, Karoly"]
[Result "1/2-1/2"]
[WhiteElo "2280"]
[BlackElo "2470"]

1.e4 c5 2.Nf3 e6 3.d4 cxd4 4.Nxd4 a6 5.Bd3 Nf6 6.O-O Qc7 7.Qe2 d6 8.Kh1 Bd7
9.Nc3 Nc6 10.Be3 g6 11.f4 Bg7 12.Nxc6 Bxc6 13.a4 O-O 14.a5 Nd7 15.f5 exf5
16.exf5 Rae8 17.Qf2 Re5 18.Bf4 Rc5 19.Qh4 Re8 20.Bh6 Rxa5 21.fxg6 hxg6 22.Bxg7 Kxg7
23.Rxf7+ Kxf7 24.Qh7+ Ke6 25.Bc4+ d5 26.Re1+ Kd6 27.Qxg6+ Kc5 28.Qxe8 Kxc4
29.Qe3 Qb6 30.b3+ Kb4 31.Qd2 Kc5 32.Qe3+ Kb4 33.Qd2 Kc5 34.Qe3+  1/2-1/2

[Event "HUN-ch"]
[Site "?"]
[Date "1974.??.??"]
[Round "?"]
[White "Lukacs, Peter"]
[Black "Farago, Ivan"]
[Result "1/2-1/2"]
[WhiteElo "2345"]
[BlackElo "2475"]

1.e4 c5 2.Nf3 e6 3.d4 cxd4 4.Nxd4 a6 5.Bd3 Nc6 6.Nxc6 bxc6 7.Nd2 d5 8.O-O Nf6
9.c4 Be7 10.b3 Bb7 11.Bb2 dxe4 12.Nxe4 c5 13.Nxf6+ Bxf6 14.Bxf6 Qxf6 15.Qe2 O-O
16.Be4 Bxe4 17.Qxe4 Rad8 18.Rad1 g6 19.g3  1/2-1/2

[Event "FRG-ch"]
[Site "Menden"]
[Date "1974.??.??"]
[Round "?"]
[White "Nicolai, Werner"]
[Black "Eising, Johannes"]
[Result "1/2-1/2"]
[WhiteElo "2200"]
[BlackElo "2200"]

1.e4 c5 2.Nf3 e6 3.d4 cxd4 4.Nxd4 a6 5.Bd3 Nf6 6.O-O d6 7.Kh1 Be7 8.Nc3 O-O
9.f4 Qc7 10.Qe2 Nc6 11.Nxc6 bxc6 12.e5 Nd5 13.Bd2 Rb8 14.b3 Nb4 15.exd6 Bxd6
16.Ne4 Nxd3 17.Qxd3 Be7 18.Bc3 f6 19.Qc4 Kh8 20.Nc5 Qd6 21.Bd4 Qd5 22.Qxd5 cxd5
23.Rae1 Bxc5 24.Bxc5 Re8 25.Bd4 Kg8 26.Rc1 Bd7 27.Rfe1 Rbc8 28.c4 dxc4 29.bxc4 Rb8
30.Rb1 Rxb1 31.Rxb1  1/2-1/2

[Event "Nice olm fin-A"]
[Site "Nice"]
[Date "1974.??.??"]
[Round "1"]
[White "Planinc, Albin"]
[Black "Popov, Luben"]
[Result "0-1"]
[WhiteElo "2545"]
[BlackElo "2460"]

1.e4 c5 2.Nf3 e6 3.d4 cxd4 4.Nxd4 a6 5.Bd3 Nf6 6.O-O Qc7 7.Qe2 d6 8.b3 g6
9.Bb2 Bg7 10.f4 O-O 11.Nd2 e5 12.fxe5 dxe5 13.N4f3 Nc6 14.Nc4 Nh5 15.Qf2 Be6
16.Ba3 Rfd8 17.Nb6 Rab8 18.Nd5 Bxd5 19.exd5 Rxd5 20.Bc4 Rd7 21.Ng5 Nd8 22.Rad1 Nf6
23.Qa7 Rc8 24.Bb2 Rxd1 25.Rxd1 Bf8 26.Rxd8 Qxd8  0-1

[Event "Nice olm prel"]
[Site "Nice"]
[Date "1974.??.??"]
[Round "2"]
[White "Godoy Bugueno, David A"]
[Black "Choon Foo, LC."]
[Result "1-0"]
[WhiteElo "2360"]
[BlackElo "2200"]

1.e4 c5 2.Nf3 e6 3.d4 cxd4 4.Nxd4 a6 5.Bd3 Nf6 6.O-O Qc7 7.Re1 d6 8.c4 Nc6
9.Nxc6 bxc6 10.b3 Be7 11.Bb2 e5 12.c5 O-O 13.cxd6 Bxd6 14.Na3 Re8 15.Qc2 Bb7
16.Rac1 Rad8 17.Bf1 Nd7 18.Nc4 Bb4 19.Red1 Rb8 20.Rd3 Bf8 21.Bc3 f6 22.Ba5 Qc8
23.Rcd1 Nc5 24.Nd6 Bxd6 25.Rxd6 Ne6 26.Bc4 Kf7 27.Rxe6 Kg6 28.Qe2 h5 29.Qf3  1-0

[Event "Nice olm fin-B"]
[Site "Nice"]
[Date "1974.??.??"]
[Round "2"]
[White "Boey, Josef"]
[Black "Durao, Joaquim"]
[Result "1-0"]
[WhiteElo "2435"]
[BlackElo "2360"]

1.e4 c5 2.Nf3 e6 3.d4 cxd4 4.Nxd4 a6 5.Bd3 Nc6 6.Nxc6 bxc6 7.O-O e5 8.f4 exf4
9.e5 d5 10.Bxf4 g6 11.Qf3 Be6 12.Qg3 Bh6 13.Nd2 Rb8 14.b3 a5 15.Kh1 Bxf4
16.Rxf4 Ne7 17.Raf1 O-O 18.Nf3 Rb4 19.Nd4 Qd7 20.c3 Rbb8 21.Qg5 c5 22.Qh6 cxd4
23.Rh4 Rfc8 24.Qxh7+ Kf8 25.Qh6+ Ke8 26.Qh8+ Ng8 27.Qxg8+ Ke7 28.Qg7 Kd8
29.Qf8+ Kc7 30.Qc5+ Qc6 31.Qxa5+ Qb6 32.Qa3 Ra8 33.Qe7+ Kb8 34.Rxd4 Ra7 35.Rb4 Rxe7
36.Rxb6+ Ka7 37.Rb4 Rxc3 38.Rd4 Rec7 39.h3 Kb6 40.Rd1 Rc1 41.Rb4+ Ka7 42.Rxc1 Rxc1+
43.Kh2 Re1 44.a4 Rxe5 45.a5 Re3 46.Rd4 g5 47.Kg1 f5 48.Kf2 f4 49.b4 Kb7 50.b5 Kc7
51.a6 Kb6 52.Ra4 Bc8 53.a7 Bb7 54.Be2 Re8 55.h4 gxh4 56.Rxf4 Rh8 57.Ra4 h3
58.gxh3 Ra8 59.h4 Kc5 60.h5 Bc8 61.Bd3 Be6 62.h6 Bg8 63.Ra6  1-0

[Event "Nice olm prel"]
[Site "Nice"]
[Date "1974.??.??"]
[Round "7"]
[White "Mariotti, Sergio"]
[Black "Cherem, I."]
[Result "1-0"]
[WhiteElo "2465"]
[BlackElo "2200"]

1.e4 c5 2.Nf3 e6 3.d4 cxd4 4.Nxd4 a6 5.Bd3 Nc6 6.Nxc6 bxc6 7.O-O d5 8.Qe2 Nf6
9.Nd2 Be7 10.b3 O-O 11.Bb2 Bb7 12.f4 Bb4 13.e5 Ne8 14.Nf3 g6 15.Ng5 Ng7 16.Qg4 Be7
17.h4 h5 18.Qg3 Bxg5 19.fxg5 Nf5 20.Bxf5 exf5 21.e6 Qb6+ 22.Kh1 c5 23.e7 Rfe8
24.Bf6 d4 25.Rae1 Be4 26.Qe5 Qe6 27.Qxc5 Rac8 28.Qxd4 Rxc2 29.Rxe4 Qxe4 30.Qxe4 fxe4
31.Rd1 e3 32.Rd8 Rc8 33.Rxe8+ Rxe8 34.Kg1 Rc8 35.Kf1 Kh7 36.Ke2  1-0

[Event "Nice olm fin-B"]
[Site "Nice"]
[Date "1974.??.??"]
[Round "12"]
[White "Jamieson, Peter Michael"]
[Black "Hoen, Ragnar"]
[Result "1-0"]
[WhiteElo "2270"]
[BlackElo "2380"]

1.e4 c5 2.Nf3 e6 3.d4 cxd4 4.Nxd4 a6 5.Bd3 Qc7 6.Be3 Nf6 7.Nd2 d5 8.f4 dxe4
9.Nxe4 Nd5 10.Qf3 Nc6 11.Nxc6 Qxc6 12.Bd4 Nb4 13.O-O-O Bd7 14.a3 Nxd3+ 15.Rxd3 Qa4
16.b3 Qxa3+ 17.Bb2 Qb4 18.Rhd1 Bc6 19.Rd4 Qa5 20.Qg3 h5 21.Nd6+ Bxd6 22.Rxd6 Rg8
23.Qd3 Rc8 24.f5 Bd5 25.fxe6 fxe6 26.Qg6+ Kf8 27.R1xd5  1-0

[Event "Nice olm fin-B"]
[Site "Nice"]
[Date "1974.??.??"]
[Round "14"]
[White "Janetschek, Karl"]
[Black "Iskov, Gert"]
[Result "1/2-1/2"]
[WhiteElo "2335"]
[BlackElo "2420"]

1.e4 c5 2.Nf3 e6 3.d4 cxd4 4.Nxd4 a6 5.Bd3 Nc6 6.Nxc6 dxc6 7.O-O e5 8.Be3 Nf6
9.h3 Be6 10.Nd2 Qc7 11.Qe2 Nd7 12.a4 Rd8 13.Bc4 Bxc4 14.Qxc4 Be7 15.a5 O-O
16.Rfd1 h6 17.Nf1 Bg5 18.Bxg5 hxg5 19.Ng3 g6 20.b4 Rfe8 21.Nf1 Nf8 22.Ne3 Kg7
23.Nd5 Qd7 24.Nc3 Qc8 25.Qc5 Qc7 26.Nd5 Qd7 27.Ne3 Qc7 28.Nc4 f6 29.Qb6 Qb8
30.c3 Nd7 31.Qe3 Nf8 32.Qe2 Rxd1+ 33.Rxd1 Rd8 34.Rd3 Ne6 35.Qd2 Rxd3 36.Qxd3 Qc8
37.Qd6 Qe8 38.g3 Qf7 39.Nb6 Qe8 40.Nc4 Kg8  1/2-1/2

[Event "Vejle op"]
[Site "Vejle"]
[Date "1974.??.??"]
[Round "1"]
[White "Soby, Frode"]
[Black "Moller, Lars"]
[Result "1/2-1/2"]
[WhiteElo "2200"]
[BlackElo "2315"]

1.e4 c5 2.Nf3 e6 3.d4 cxd4 4.Nxd4 a6 5.Bd3 Nc6 6.Nxc6 bxc6 7.O-O Qc7 8.Nc3 d5
9.Re1 d4 10.Ne2 e5 11.c3 dxc3 12.Nxc3 Bb4 13.Nd5 cxd5 14.Qa4+ Bd7 15.Qxb4 Rb8
16.Qa3 d4 17.Bd2 Qb6 18.Ba5 Qf6 19.Bc7 Ra8 20.Qa5 Ne7 21.Qxe5 O-O 22.Qh5 Qg6
23.Qxg6 Nxg6 24.e5 Nf4 25.Be4 Rac8 26.Bd6 Rfe8 27.Rad1 Bb5 28.g3 Nh3+ 29.Kg2 Ng5
30.Bb7 Rc2 31.Rxd4 Rxb2 32.Bd5 Bd7 33.h4 Ne6 34.Rdd1 g6 35.Bb3 Bc6+ 36.Kg1 Bf3
37.Rd3 Be2 38.Rd5 Bf3 39.Rd3 Be2 40.Rd5 Bf3 41.Rd3  1/2-1/2

[Event "IBM-B"]
[Site "Amsterdam"]
[Date "1975.??.??"]
[Round "2"]
[White "Van Baarle, C John"]
[Black "Weinstein, Norman"]
[Result "1-0"]
[WhiteElo "2320"]
[BlackElo "2465"]

1.e4 c5 2.Nf3 e6 3.d4 cxd4 4.Nxd4 a6 5.Bd3 Nf6 6.Nc3 d6 7.O-O Be7 8.f4 Nc6
9.Nxc6 bxc6 10.Kh1 Nd7 11.Qe2 Qc7 12.Bd2 O-O 13.Rf3 Nc5 14.Bc4 d5 15.b4 dxc4
16.bxc5 Bxc5 17.Qxc4 Be7 18.e5 c5 19.Rg3 Bb7 20.Ne4 Rad8 21.Bc3 Kh8 22.Nd6 Qc6
23.Qe2 Bxd6 24.exd6 f6 25.Qg4 Rd7 26.Rd1 Qe4 27.Rgd3 Qg6 28.Qxg6 hxg6 29.Ba5 Bd5
30.Bc7 Bxa2 31.Rc3 g5 32.fxg5 fxg5 33.Kg1 Rf5 34.Ra1 Bd5 35.Rxc5 Rdf7 36.c4 Bb7
37.Rxf5 exf5 38.c5 Kh7 39.Rb1 Be4 40.Rb6 f4 41.c6 Bf5 42.Rxa6 g6 43.Ra5  1-0

[Event "IBM-B"]
[Site "Amsterdam"]
[Date "1975.??.??"]
[Round "7"]
[White "Ligterink, Gert"]
[Black "Weinstein, Norman"]
[Result "1/2-1/2"]
[WhiteElo "2365"]
[BlackElo "2465"]

1.e4 c5 2.Nf3 e6 3.d4 cxd4 4.Nxd4 a6 5.Bd3 Nf6 6.O-O Qc7 7.Qe2 d6 8.c4 Be7
9.Nc3 O-O 10.Be3 b6 11.Rac1 Nbd7 12.f4 Re8 13.b4 Bf8 14.Nb3 Bb7 15.Bf2 Qb8
16.Bh4 d5 17.e5 Ne4 18.cxd5 exd5 19.Nxd5 Nxe5 20.Qxe4 Ng6 21.Qf5  1/2-1/2

[Event "ARG-ch"]
[Site "Buenos Aires"]
[Date "1975.??.??"]
[Round "1"]
[White "De la Vega, Hector"]
[Black "Giardelli, Sergio C"]
[Result "1-0"]
[WhiteElo "2360"]
[BlackElo "2300"]

1.e4 c5 2.Nf3 e6 3.d4 cxd4 4.Nxd4 a6 5.Bd3 Qc7 6.O-O Nf6 7.Nc3 Bd6 8.Kh1 Nc6
9.Nxc6 bxc6 10.f4 e5 11.f5 Be7 12.Qf3 Bb7 13.Qg3 d5 14.b3 O-O-O 15.Qxg7 Rdf8
16.Qg3 h5 17.Qe1 h4 18.Bg5 Nh5 19.Bxh4 Bxh4 20.Qxh4 Rfg8 21.Qe1 Ng3+ 22.Kg1 Nxf1
23.Bxf1 Rg4 24.g3 d4 25.Nd1 Qe7 26.Nf2 Rg7 27.Qa5 Qh4 28.Bh3 Rxg3+ 29.hxg3 Qxg3+
30.Kf1 Rxh3 31.Nxh3 Qxh3+ 32.Ke2 Qe3+ 33.Kd1 Qxe4 34.Kc1 Qxf5 35.Kb2 d3 36.Rg1 Kd7
37.Rg8 Qf6 38.cxd3 e4+ 39.Qc3 Qxc3+ 40.Kxc3 exd3 41.Rf8 Kc7 42.Rxf7+ Kb6
43.Kxd3 a5 44.Kd4 Ba6 45.Rf8 Be2 46.Rb8+ Ka7 47.Re8 Bf3 48.Kc5 Bd5 49.Rd8 Kb7
50.Rd7+ Ka6 51.Rxd5 cxd5 52.a4  1-0

[Event "ARG-ch"]
[Site "Buenos Aires"]
[Date "1975.??.??"]
[Round "15"]
[White "Bronstein, Luis"]
[Black "Panno, Oscar"]
[Result "1/2-1/2"]
[WhiteElo "2355"]
[BlackElo "2545"]

1.e4 c5 2.Nf3 e6 3.d4 cxd4 4.Nxd4 a6 5.Bd3 Bc5 6.Nb3 Ba7 7.O-O Nc6 8.Qe2 d6
9.Be3 Bxe3 10.Qxe3 Nf6 11.c4 O-O 12.Nc3 b6 13.Rad1 Qc7 14.Rc1 Ne5 15.Be2 Rb8
16.Nd2 Qc5 17.Qg3 Bb7 18.Kh1 Kh8 19.a3 Rbc8 20.b4 Qc7 21.Qg5 Rfd8 22.h3 Qb8
23.Qe3 Bc6 24.f4 Ned7 25.Nf3 Kg8 26.Bd3 Qa8 27.e5 Nh5 28.Kh2 Bxf3 29.Rxf3 dxe5
30.f5 Qb8 31.Kg1 Nf4 32.fxe6 fxe6 33.Bf1 a5 34.Ne4 axb4 35.axb4 Nf6 36.Nxf6+ gxf6
37.Rxf4 exf4 38.Qxe6+ Kg7 39.Qe7+ Kg8 40.Qe6+ Kg7 41.Qe7+ Kg8  1/2-1/2

[Event "BUL-ch"]
[Site "?"]
[Date "1975.??.??"]
[Round "7"]
[White "Donchev, Dimitar I"]
[Black "Peev, Peicho Chonev"]
[Result "1/2-1/2"]
[WhiteElo "2170"]
[BlackElo "2450"]

1.e4 c5 2.Nf3 e6 3.d4 cxd4 4.Nxd4 a6 5.Bd3 d6 6.O-O Nf6 7.Qe2 Be7 8.Rd1 Qc7
9.c4 O-O 10.Nc3 Nbd7 11.f4 b6 12.Be3 Re8 13.Rac1 Bb7 14.Bf2 g6 15.b4 Rac8
16.Nb3 Qb8 17.a4 d5 18.cxd5 exd5 19.Bxa6 Bxb4 20.Bxb7 Qxb7 21.Nxd5 Rxc1 22.Nxc1 Nxd5
23.Rxd5 Qc6 24.Qd1 Nc5 25.Nd3 Nxd3 26.Rxd3 Rxe4 27.Rd8+ Kg7 28.Rd4 Bc5 29.Rxe4 Qxe4
30.g3 h5 31.a5 Bxf2+ 32.Kxf2 bxa5  1/2-1/2

[Event "SVK-ch"]
[Site "Hlohovec"]
[Date "1975.??.??"]
[Round "4"]
[White "Franzen, Josef"]
[Black "Krisko, D."]
[Result "1/2-1/2"]
[WhiteElo "2290"]
[BlackElo "2200"]

1.e4 c5 2.Nf3 e6 3.d4 cxd4 4.Nxd4 a6 5.Bd3 Nf6 6.O-O Nc6 7.Nxc6 dxc6 8.e5 Nd7
9.Bf4 Nc5 10.Be2 Qxd1 11.Rxd1 Be7 12.Nd2 b5 13.c4 b4 14.Bf3 Bd7 15.Nb3 O-O-O
16.Nd4 Kc7 17.a3 Rb8 18.a4  1/2-1/2

[Event "SVK-ch"]
[Site "Hlohovec"]
[Date "1975.??.??"]
[Round "8"]
[White "Polacek, Jozef"]
[Black "Rakay, Kvetoslav"]
[Result "1/2-1/2"]
[WhiteElo "2200"]
[BlackElo "2200"]

1.e4 c5 2.Nf3 e6 3.d4 cxd4 4.Nxd4 a6 5.Bd3 Bc5 6.Nb3 Ba7 7.O-O Nc6 8.Nc3 Nf6
9.a4 d6 10.Kh1 Ne5 11.Be2 h5 12.Bg5 Qc7 13.Bxf6 gxf6 14.f4  1/2-1/2

[Event "Lone Pine"]
[Site "Lone Pine"]
[Date "1975.??.??"]
[Round "9"]
[White "Browne, Walter S"]
[Black "Gheorghiu, Florin"]
[Result "0-1"]
[WhiteElo "2550"]
[BlackElo "2540"]

1.e4 c5 2.Nf3 e6 3.d4 cxd4 4.Nxd4 a6 5.Bd3 Nf6 6.O-O d6 7.c4 Be7 8.Nc3 Nbd7
9.Be3 O-O 10.Rc1 Re8 11.f4 Bf8 12.Nb3 b6 13.Qf3 Bb7 14.Rce1 Rb8 15.g4 d5
16.cxd5 exd5 17.exd5 Bb4 18.Bd4 Rxe1 19.Rxe1 Nxd5 20.Be4 Nxc3 21.Bxb7 Nd5
22.Rd1 Rxb7 23.Qxd5 Qc8 24.h3 Bf8 25.Rc1 Rc7 26.Rxc7 Qxc7 27.Kg2 Qc2+ 28.Kg3 Qd3+
29.Qf3 Qb1 30.a3 Qe1+ 31.Kg2 Qe6 32.Nd2 Nc5 33.f5 Qd7 34.Bc3 Na4 35.Ne4 Qb5
36.Qf2 Qd3 37.Qe1 Qc2+ 38.Kf3 Nxb2 39.Qe2 Qxe2+ 40.Kxe2 Bxa3 41.Bd4 Nc4 42.Kd3 b5
43.f6 Bf8 44.fxg7 Bxg7 45.Bc5 Be5 46.h4 Kg7 47.h5 f6 48.Be7 Kf7 49.Bd8 h6  0-1

[Event "URS-chT"]
[Site "Riga"]
[Date "1975.??.??"]
[Round "?"]
[White "Gulko, Boris F"]
[Black "Zhitkus, R."]
[Result "1-0"]
[WhiteElo "2480"]
[BlackElo "2200"]

1.e4 c5 2.Nf3 e6 3.d4 cxd4 4.Nxd4 a6 5.Bd3 Nc6 6.Nxc6 dxc6 7.O-O e5 8.Nd2 Be6
9.Nc4 Bxc4 10.Bxc4 Qxd1 11.Rxd1 Bc5 12.Kf1 Nf6 13.f3 h6 14.Bd2 Ke7 15.Bc3 Bd6
16.Rd3 Rhd8 17.Rad1 Bc7 18.Rxd8 Rxd8 19.Rxd8 Kxd8 20.Bxf7 Ke7 21.Bg6 Nd7
22.Bf5 Nc5 23.b3 b5 24.Ke2 g5 25.Bd2 Ne6 26.Bxe6 Kxe6 27.h4 Kf6 28.h5 Bd6
29.Kf2 Be7 30.Kg3 Ke6 31.Kg4 Bf8 32.Bxg5 hxg5 33.Kxg5 Kf7 34.Kf5 Bd6 35.g4 Bc7
36.h6 Kg8 37.c4 bxc4 38.bxc4 c5 39.g5  1-0

[Event "URS-chT"]
[Site "Riga"]
[Date "1975.??.??"]
[Round "?"]
[White "Golovey, Tamara O"]
[Black "Mkrychian, Alla"]
[Result "1/2-1/2"]
[WhiteElo "2000"]
[BlackElo "2000"]

1.e4 c5 2.Nf3 e6 3.d4 cxd4 4.Nxd4 a6 5.Bd3 Nf6 6.O-O Qc7 7.Qe2 d6 8.c4 Be7
9.Nc3 O-O 10.f4 Nbd7 11.Be3 Rd8 12.Rac1 b6 13.Rfd1 Bb7 14.b4 Rac8 15.Nb3 Qb8
16.a3 Qa8 17.Bf2 Qb8 18.Bg3 g6 19.Bh4 Re8 20.Bg5 Nh5 21.Qg4 Bxg5 22.Qxg5 d5
23.exd5 Nxf4 24.dxe6 Nxe6 25.Qh4 Ne5 26.Bf1 Bf3 27.Nd5 Bxd1 28.Rxd1 Nd7 29.Ne7+ Rxe7
30.Qxe7 Ne5 31.c5 Ng4 32.Qd6 bxc5 33.Qxb8 Rxb8 34.Nxc5 Nxc5 35.bxc5 Ne3 36.Rc1 Nxf1
37.Kxf1 Kf8 38.Ke2 Ke7 39.Rc3 Rb2+ 40.Kf3 Kd7 41.Rd3+  1/2-1/2

[Event "URS-chT"]
[Site "Riga"]
[Date "1975.??.??"]
[Round "?"]
[White "Klovans, Janis"]
[Black "Vasiukov, Evgeni"]
[Result "1/2-1/2"]
[WhiteElo "2500"]
[BlackElo "2560"]

1.e4 c5 2.Nf3 e6 3.d4 cxd4 4.Nxd4 a6 5.Bd3 Ne7 6.Nc3 Nec6 7.Nxc6 Nxc6 8.O-O b5
9.f4 Bb7 10.Be3 Qc7 11.Kh1 Na5 12.Qe2 Nc4 13.Bd4 Bc5 14.Bxc5 Qxc5 15.Nd1 O-O
16.a4 f6 17.b3 Nd6 18.Nf2 e5 19.f5 Bc6 20.axb5 axb5 21.Rae1 Ra2 22.Ng4 b4
23.Qf3 Kh8 24.h3 Nb5 25.Ra1 Rfa8 26.Rxa2 Rxa2 27.Qg3 Nc3 28.Qh4 Qf8 29.Ne3 Qa8
30.Ng4 Nxe4 31.Bxe4 Bxe4 32.Nxf6 Bxg2+ 33.Kh2 h6 34.Rf2 Bc6 35.Ng4 Qb8 36.Qg3 Ra1
37.Qxe5 Rh1+ 38.Kg3 Rg1+ 39.Kh2 Rh1+ 40.Kg3 Rg1+ 41.Kh2  1/2-1/2

[Event "Rimavska Sobota"]
[Site "Rimavska Sobota"]
[Date "1975.??.??"]
[Round "8"]
[White "Tepper, M."]
[Black "Kupka, Slavoj"]
[Result "1/2-1/2"]
[WhiteElo "2200"]
[BlackElo "2360"]

1.e4 c5 2.Nf3 e6 3.d4 cxd4 4.Nxd4 a6 5.Bd3 Nf6 6.O-O d6 7.Bg5 Be7 8.h3 Qc7
9.Nd2 Nbd7 10.N2f3 b6 11.Nb3 Bb7 12.Re1 O-O 13.c3 Rfe8 14.Qc2 e5 15.Nfd2 h6
16.Be3 d5 17.f3 Rad8 18.Bf2 Nc5 19.Nxc5 Bxc5 20.Nb3 Bxf2+ 21.Qxf2 dxe4 22.Bxe4 Nxe4
23.fxe4 Re6 24.Re3 Rf6 25.Qe2 Qd7 26.Re1 Rd6 27.c4 Rd1 28.c5 Rxe1+ 29.Qxe1 Qb5
30.cxb6 Qxb6 31.Kh2 Rc8 32.Re2 Rc4 33.Na5 Rb4 34.Nxb7 Qxb7 35.b3 g6 36.Re3 Kg7
37.Re2 h5 38.Re3 a5 39.Re2 a4 40.bxa4 Rxa4 41.Kh1 Qe7 42.Kh2 h4 43.Qd2 Rd4
44.Qe3 Qd8 45.Rf2 Ra4 46.Qb3 Ra7 47.a4 Qg5 48.Qf3 Qg3+ 49.Qxg3 hxg3+ 50.Kxg3 Rxa4  1/2-1/2

[Event "SWE-ch"]
[Site "?"]
[Date "1975.??.??"]
[Round "?"]
[White "Ornstein, Axel"]
[Black "Fredriksson, Leif"]
[Result "1-0"]
[WhiteElo "2430"]
[BlackElo "2350"]

1.e4 c5 2.Nf3 e6 3.d4 cxd4 4.Nxd4 a6 5.Bd3 Nf6 6.O-O d6 7.Nd2 Be7 8.f4 b5
9.Kh1 Bb7 10.Qe2 h5 11.N2f3 Nbd7 12.e5 Ng4 13.Nxe6 fxe6 14.Bg6+ Kf8 15.Ng5 Bd5
16.Nf7 Bc4 17.Qf3 Qc8 18.Nxh8 Bxf1 19.Bxh5 Ngf6 20.Ng6+ Ke8 21.exf6 Nxf6
22.Qxf1 Nxh5 23.Qf3 Nf6 24.Be3 d5 25.c3 Bc5 26.f5 Bxe3 27.Qxe3 Kf7 28.Qg5 exf5
29.Nh4 Qc4 30.h3 Ne4 31.Qg6+ Kf8 32.Nxf5 Ra7 33.Nd6 Qc6 34.Rf1+ Kg8 35.Qe6+ Kh7
36.Nxe4  1-0